Trattato di diritto civile italiano / (Record no. 52031)

MARC details
000 -LEADER
campo de control de longitud fija 00515nam a2200181 i 4500
001 - NÚMERO DE CONTROL
campo de control 52031
003 - IDENTIFICADOR DE NÚMERO DE CONTROL
campo de control ES-MaACL
005 - FECHA Y HORA DE LA ÚLTIMA TRANSACCIÓN
campo de control 20230906162508.0
007 - CAMPO FIJO DE DESCRIPCIÓN FÍSICA--INFORMACIÓN GENERAL
campo de control de longitud fija t|
008 - DATOS DE LONGITUD FIJA--INFORMACIÓN GENERAL
campo de control de longitud fija 030822s1904 it ||||1| ita d
100 1# - ENTRADA PRINCIPAL--NOMBRE DE PERSONA
Nombre de persona Chironi, Gian Pietro.
9 (RLIN) 38558
245 10 - MENCIÓN DEL TÍTULO
Título Trattato di diritto civile italiano /
Mención de responsabilidad, etc. G.P. Chironi e L. Abello.
260 ## - PUBLICACIÓN, DISTRIBUCIÓN, ETC.
Lugar de publicación, distribución, etc. Torino :
Nombre del editor, distribuidor, etc. Fratelli Bocca,
Fecha de publicación, distribución, etc. 1904 (
Fabricante V. Bona)
300 ## - DESCRIPCIÓN FÍSICA
Extensión XII, 739 p. ;
Dimensiones 24 cm.
500 ## - NOTA GENERAL
Nota general Es el V. I.
700 1# - ENTRADA AGREGADA--NOMBRE PERSONAL
Nombre de persona Abello, L.
9 (RLIN) 18077
852 ## - LOCALIZACIÓN
Ubicación ES-MaACL
Número de control de estantería B-13104
Holdings
Estatus retirado Estado de pérdida Estado de daño No para préstamo Biblioteca de origen Biblioteca actual Ubicación en estantería Fecha de adquisición Fuente de adquisición Total de préstamos Signatura topográfica completa Código de barras Visto por última vez Precio de reemplazo Tipo de ítem Koha
        Biblioteca del Ateneo de Madrid Biblioteca del Ateneo de Madrid Sala Pardo Bazán 17/01/2008     B-13104 1054705 23/02/2023 23/02/2023 Libro impreso